Riemannian geometry : (Record no. 29926)

000 -LEADER
fixed length control field 00712 a2200205 4500
020 ## - INTERNATIONAL STANDARD BOOK NUMBER
International Standard Book Number 0521619548
020 ## - INTERNATIONAL STANDARD BOOK NUMBER
International Standard Book Number 9780521619547
082 ## - DEWEY DECIMAL CLASSIFICATION NUMBER
Classification number 516.373
090 ## - LOCALLY ASSIGNED LC-TYPE CALL NUMBER (OCLC); LOCAL CALL NUMBER (RLIN)
-- 1313
-- 1313
100 1# - MAIN ENTRY--PERSONAL NAME
Personal name Chavel, Isaac.
245 10 - TITLE STATEMENT
Title Riemannian geometry :
Remainder of title a modern introduction /
Statement of responsibility, etc. Isaac Chavel.
250 ## - EDITION STATEMENT
Edition statement 2nd ed.
260 ## - PUBLICATION, DISTRIBUTION, ETC.
Place of publication, distribution, etc. [S.l.] :
Name of publisher, distributor, etc. Cambridge University Press,
Date of publication, distribution, etc. 2006.
300 ## - PHYSICAL DESCRIPTION
Extent 488 p. ;
Dimensions 23 cm.
490 1# - SERIES STATEMENT
Series statement Cambridge studies in advanced mathematics.
700 ## - ADDED ENTRY--PERSONAL NAME
Personal name Chavel, Isaac.
830 #0 - SERIES ADDED ENTRY--UNIFORM TITLE
Uniform title Cambridge studies in advanced mathematics.
942 ## - ADDED ENTRY ELEMENTS (KOHA)
Institution code [OBSOLETE] SNS
Koha item type Book
Call number prefix 516.373 CHA
Holdings
Withdrawn status Lost status Damaged status Not for loan Permanent Location Current Location Date acquired Total Checkouts Full call number Barcode Date last seen Price effective from Koha item type
        School of Natural Sciences (SNS) School of Natural Sciences (SNS) 05/26/2016   516.373 CHA SNS0001401 05/26/2016 05/26/2016 Book
© 2023 Central Library, National University of Sciences and Technology. All Rights Reserved.